The other person

Bibliographic Details
Main Author: Juliana, Flory
Format: Book
Published: Petaling Jaya : Penerbit Mega Setia Emas Sdn.Bhd , 2003
Series:Teen world short stories
Subjects:

MARC

LEADER 00000cam a2200000 7i4500
001 0000001429
005 20160330.0
008 081113
020 |a 9831435591 
090 0 0 |a JUL   |b ENG 
100 1 |a Juliana, Flory 
245 1 4 |a The other person   |c Flory Juliana 
260 |a Petaling Jaya :   |b Penerbit Mega Setia Emas Sdn.Bhd ,   |c 2003 
440 |a Teen world short stories 
500 |a Teenager ages 13-18 years old (blue) 
650 0 |a Adventure   |x Fiction 
999 |a 0000965478   |b Book   |c Teenagers   |e Perbadanan Perpustakaan Awam Johor 
999 |a 0000965479   |b Book   |c Teenagers   |e Perbadanan Perpustakaan Awam Johor 
999 |a 0000965480   |b Book   |c Teenagers   |e Perbadanan Perpustakaan Awam Johor 
999 |a 0000965481   |b Book   |c Teenagers   |e Perbadanan Perpustakaan Awam Johor 
999 |a 0001151459   |b Book   |c Teenagers   |e Cawangan Tmn. Ungku Tun Aminah